Coal Gasification. Direct Applications and Syntheses of Chemicals and Fuels

Na minha lista:
Detalhes bibliográficos
Formato: Livro
Publicado em: Pergamon Journals Ltd, 1987
Tags: Adicionar Tag
Sem tags, seja o primeiro a adicionar uma tag!

MARC

LEADER 00000nam a22000003a 4500
001 stu48415
005 20150408180151.4
008 ------s1987----uk----------------------d
040 |a STU  |b slo 
041 0
044 |a uk 
080 |a 662.76 
245 |a Coal Gasification. Direct Applications and Syntheses of Chemicals and Fuels 
260 |b Pergamon Journals Ltd,  |c 1987 
300 |a 623-903 s 
996 |b J83064  |c J*83064/K 11  |l JJK11  |s P  |a 0  |w stu48415_0001